Iles de Polynésie Française - Carte - Statistiques

Statistiques générales
  • Ce quiz a été pris 746 fois
  • Le résultat moyen est 18 sur 110
Réponses sur la Carte
Les réponses sont colorées sur une échelle allant du rouge au vert en fonction du pourcentage des utilisateurs qui les ont devinées à leur premier essai. Vous pouvez retrouver ces pourcentages ci-dessous.
 
Statistiques - réponses
Ile % Correct
Tahiti
97%
Bora-Bora
82%
Moorea
81%
Raiatea
62%
Rangiroa
59%
Huahine
58%
Tahaa
55%
Nuku Hiva
52%
Maupiti
50%
Hiva Oa
48%
Fakarava
46%
Rurutu
41%
Tetiaroa
38%
Rapa
37%
Ua Pou
37%
Tubuai
33%
Tikehau
31%
Raivavae
30%
Hao
29%
Mangareva
28%
Maiao
27%
Ua Huka
27%
Fatu Hiva
24%
Rimatara
24%
Makatea
23%
Manihi
22%
Anaa
21%
Makemo
21%
Moruroa
19%
Takapoto
19%
Ahe
18%
Tahuata
18%
Puka Puka
17%
Takaroa
17%
Tupai
17%
Fangatau
16%
Mataiva
16%
Maria
15%
Apataki
13%
Nukutepipi
13%
Motu One
12%
Mehetia
12%
Motu One
12%
Reao
12%
Tatakoto
12%
Kaukura
11%
Eiao
10%
Faaite
10%
Fangataufa
10%
Mopelia
10%
Niau
10%
Napuka
9%
Nukutavake
9%
Raroia
9%
Aratika
8%
Fakahina
8%
Hereheretue
8%
Katiu
8%
Pukarua
8%
Amanu
7%
Hikueru
7%
Manuae
7%
Marotiri
7%
Raraka
7%
Takume
7%
Toau
7%
Tureia
7%
Marutea
6%
Tepoto
6%
Vahitahi
6%
Hiti
5%
Marokau
5%
Nengonengo
5%
Paraoa
5%
Pinaki
5%
Ravahere
5%
Tahanea
5%
Tematangi
5%
Temoe
5%
Tikei
5%
Vanavana
5%
Ahunui
4%
Akiaki
4%
Anuanuraro
4%
Haraiki
4%
Hatutu
4%
Manuhangi
4%
Morane
4%
Nihiru
4%
Reitoru
4%
Taenga
4%
Taiaro
4%
Tauere
4%
Vahanga
4%
Vairaatea
4%
Anuanurunga
3%
Fatu Uku
3%
Matureivavao
3%
Mohotani
3%
Motu Iti
3%
Motutunga
3%
Rekareka
3%
Tekokota
3%
Tenararo
3%
Tenarunga
3%
Aruta
2%
Motu Nao
2%
Tauehi
1%
Aucun quiz correspondant
Distribution des résultats
% des personnes avec chaque résultat
Percentile par nombre de réponses
Votre historique - résultats
Vous n’avez pas pris ce quiz